Famous "Skis" - Statistics

General Stats
  • This quiz has been taken 115 times
  • The average score is 7 of 16
Answer Stats
Clue Person % Correct
Ice Hockey played called "The Great One" Wayne Gretzky
86%
"Swan Lake" Pyotr Tchaikovsky
75%
Exiled Soviet leader who was assassinated in Mexico City Leon Trotsky
73%
Fugitive filmmaker of "The Pianist" Roman Polanski
72%
Comedian who was elected President of Ukraine in 2019 Volodymyr Zelensky
65%
"The Dude" Jeffrey Lebowski
57%
American domestic terrorist known as "Unabomber" Ted Kaczynski
48%
Actor portrayed Jim Halpert in The Office and married Emily Blunt John Krasinski
45%
Captain of Poland's national soccer team Robert Lewandowski
40%
Greatest European basketball player of all time? Dirk Nowitzki
37%
"The Rite of Spring" Igor Stravinsky
34%
"A Streetcar Named Desire" character played by Marlon Brando Stanley Kowalski
34%
American director of "Black Swan" and "Requiem for a Dream" Darren Aronofsky
32%
Author who said "If there is no God, everything is permitted" Fyodor Dostoevsky
23%
"Night on Bald Mountain" Modest Mussorgsky
13%
Longtime Duke basketball coach Mike Krzyzewski
11%
No matching quizzes found
Score Distribution
Percent of People with Each Score
Percentile by Number Answered
Your Score History
You have not taken this quiz